| 000 | 00790nam a2200229 a 4500 | ||
|---|---|---|---|
| 001 | 000013797 | ||
| 005 | 20200929163343.0 | ||
| 008 | 091130s2001 dr ac r 000 0 spa d | ||
| 020 | _a9993484709 | ||
| 040 |
_aDO-SdBNP _bspa _cBNPHU |
||
| 082 |
_a630.7293 _bA134a |
||
| 245 | 0 | 0 |
_aAbc de la agricultura dominicana. : _bedición Ángel Castillo ; fotografía Víctor Gómez. |
| 260 |
_aSanto Domingo : _bHelvetas, _c2001. |
||
| 300 |
_a427 p. : _bil., retrs. ; _c21 cm. |
||
| 500 | _aBibliografía : p. 424 | ||
| 590 | _aInventariado,2018/DG | ||
| 650 | 4 |
_aAgricultura _zRepública Dominicana _91568 |
|
| 650 | 4 |
_aGanaderia _zRepública Dominicana _91548 |
|
| 700 | 1 | 2 |
_aGómez, Víctor, _efot. _931289 |
| 700 | 1 | 2 |
_aCastillo, Ángel, _eed. _97078 |
| 910 | _aValidado. Control de calidad. MFF | ||
| 999 |
_c13409 _d13409 |
||